[Event "SLO-chT U20"]
[Site "Dobrna"]
[Date "2019.08.28"]
[Round "2.9"]
[White "Hanc, Nejc"]
[Black "Kobe, Matic"]
[Result "1-0"]
[WhiteElo "1479"]
[BlackElo "1423"]
[PlyCount "111"]
[EventDate "2019.08.27"]
[EventType "team-tourn"]
[EventRounds "7"]
[EventCountry "SLO"]
[SourceTitle "EXT 2020"]
[Source "ChessBase"]
[SourceDate "2019.10.17"]
[SourceVersion "1"]
[SourceVersionDate "2019.10.17"]
[SourceQuality "1"]

1. c4 Nf6 2. Nc3 e6 3. e4 Nc6 4. a3 Be7 5. g3 0-0 6. Bg2 e5 7. Nge2 d6 8. 0-0 Be6 9. d3 Qd7 10. f4 Bh3 11. f5 Bxg2 12. Kxg2 h6 13. h3 Nh7 14. g4 Bh4 15. Nd5 Ne7 16. Ne3 c6 17. Kh2 d5 18. cxd5 cxd5 19. Ng2 Bf6 20. h4 Rac8 21. Ng3 Nc6 22. Nh5 dxe4 23. dxe4 Qd8 24. Qxd8 Rfxd8 25. Be3 Nd4 26. Rac1 b6 27. Rxc8 Rxc8 28. Rc1 Rxc1 29. Bxc1 g6 30. Ng3 Bxh4 31. Nxh4 g5 32. Ng2 Nf6 33. Kh3 Nb5 34. Ne3 Nd6 35. Nd5 Nfxe4 36. Nxe4 Nxe4 37. Ne7+ Kf8 38. Nc8 Nf2+ 39. Kg3 Nd3 40. Be3 Nxb2 41. Nxa7 Nc4 42. Bc1 f6 43. Kf3 Ke7 44. Ke4 Kd7 45. Kd5 Nd6 46. a4 Ne8 47. Nb5 Ng7 48. Be3 h5 49. gxh5 Nxh5 50. Bxb6 Kc8 51. Nd6+ Kb8 52. a5 Nf4+ 53. Ke4 g4 54. a6 g3 55. a7+ Ka8 56. Nb5 1-0

[Event "Styrian op U14/18 26th"]
[Site "Mureck"]
[Date "2019.07.31"]
[Round "1"]
[White "Jauschneg, Theo"]
[Black "Hanc, Nejc"]
[Result "0-1"]
[WhiteElo "1120"]
[BlackElo "1479"]
[PlyCount "66"]
[EventDate "2019.07.31"]
[EventType "swiss"]
[EventRounds "9"]
[EventCountry "AUT"]
[SourceTitle "EXT 2020"]
[Source "ChessBase"]
[SourceDate "2019.10.17"]
[SourceVersion "1"]
[SourceVersionDate "2019.10.17"]
[SourceQuality "1"]

1. b3 e5 2. Bb2 Nc6 3. e3 d5 4. Bb5 Bd6 5. Nf3 f6 6. c4 dxc4 7. Bxc4 Bg4 8. d3 Bb4+ 9. Nc3 Nge7 10. a3 Bxc3+ 11. Bxc3 a6 12. h3 Bh5 13. b4 Nd5 14. Bb2 Nb6 15. Bb3 Qd6 16. g4 Bg6 17. e4 0-0-0 18. Ke2 h6 19. Nh4 Bh7 20. Nf3 g5 21. Qc2 Rhe8 22. Rad1 Bg6 23. Ke3 Kb8 24. d4 exd4+ 25. Kd2 Bxe4 26. Qc1 Bxf3 27. Rde1 Qf4+ 28. Kc2 d3+ 29. Kb1 Qxc1+ 30. Rxc1 d2 31. Rcf1 Bxh1 32. Rxh1 Re1+ 33. Bd1 Rxh1 0-1

[Event "SLO-chT U16"]
[Site "Murska Sobota"]
[Date "2018.05.13"]
[Round "4"]
[White "Hanc, Nejc"]
[Black "Siraj, Svit"]
[Result "1/2-1/2"]
[WhiteElo "1460"]
[BlackElo "1579"]
[PlyCount "83"]
[EventDate "2018.05.11"]
[EventType "team-swiss"]
[EventRounds "5"]
[EventCountry "SLO"]
[SourceTitle "EXT 2020"]
[Source "ChessBase"]
[SourceDate "2019.10.17"]
[SourceVersion "1"]
[SourceVersionDate "2019.10.17"]
[SourceQuality "1"]

1. c4 c5 2. Nc3 Nf6 3. g3 Nc6 4. Bg2 d6 5. d3 g6 6. e4 e6 7. f4 Bg7 8. Nf3 0-0 9. 0-0 Rb8 10. Be3 b6 11. h3 d5 12. cxd5 exd5 13. exd5 Nb4 14. d4 cxd4 15. Bxd4 Nbxd5 16. Nxd5 Nxd5 17. Bxg7 Kxg7 18. Qd4+ Nf6 19. Rfd1 Bb7 20. Qe5 Qe8 21. Rac1 Qxe5 22. Nxe5 Bxg2 23. Kxg2 Rbc8 24. Kf3 Rfd8 25. Rxc8 Rxc8 26. Rd2 Kf8 27. g4 Ne8 28. Rd7 Rc7 29. g5 Rxd7 30. Nxd7+ Ke7 31. Ne5 a6 32. a4 f6 33. Nc4 b5 34. axb5 axb5 35. Ne3 fxg5 36. fxg5 Ke6 37. h4 Nd6 38. b3 Nf5 39. Nxf5 Kxf5 40. b4 Ke5 41. Ke3 Kd5 42. Kd3 1/2-1/2

[Event "Styrian op U14/16 24th"]
[Site "Mureck"]
[Date "2017.08.10"]
[Round "9"]
[White "Hanc, Nejc"]
[Black "Urbanc, Ana"]
[Result "1/2-1/2"]
[WhiteElo "1426"]
[BlackElo "1694"]
[PlyCount "107"]
[EventDate "2017.08.02"]
[EventType "swiss"]
[EventRounds "9"]
[EventCountry "AUT"]
[SourceTitle "EXT 2019"]
[Source "ChessBase"]
[SourceDate "2018.10.10"]
[SourceVersion "1"]
[SourceVersionDate "2018.10.10"]
[SourceQuality "1"]

1. c4 c5 2. Nc3 Nc6 3. g3 Nf6 4. Bg2 e6 5. e4 Be7 6. d3 0-0 7. Nh3 d5 8. cxd5 exd5 9. Nf4 dxe4 10. dxe4 Qxd1+ 11. Nxd1 Rd8 12. 0-0 Rb8 13. Nc3 Be6 14. Nxe6 fxe6 15. Bh3 Kf7 16. Bf4 Bd6 17. Bxd6 Rxd6 18. Rad1 Rbd8 19. Bg2 b6 20. f4 Rxd1 21. Rxd1 Rxd1+ 22. Nxd1 Nd4 23. Nc3 Ng4 24. Bh3 Ne3 25. Kf2 Nc4 26. b3 Na5 27. e5 Nac6 28. Bg2 Nb4 29. Be4 h6 30. h3 Nbc6 31. h4 g6 32. Ke3 Nf5+ 33. Kf3 Ncd4+ 34. Kf2 Ke8 35. Bxf5 gxf5 36. h5 Kd7 37. Ke3 Nc2+ 38. Kd2 Nd4 39. Ke3 Kc6 40. Kd3 a6 41. Nd1 Nb5 42. Ne3 Nc7 43. g4 fxg4 44. Nxg4 Nd5 45. Ke4 Nc3+ 46. Ke3 Kd7 47. a4 Nd5+ 48. Kf3 Ke7 49. Nxh6 b5 50. axb5 axb5 51. Ke4 Nc3+ 52. Kd3 Nd5 53. Ke4 Nc3+ 54. Kd3 1/2-1/2

[Event "SLO-ch U14"]
[Site "Ptuj"]
[Date "2017.03.03"]
[Round "9"]
[White "Acimovic, Sergej"]
[Black "Hanc, Nejc"]
[Result "1-0"]
[WhiteElo "1705"]
[BlackElo "1466"]
[PlyCount "65"]
[EventDate "2017.02.25"]
[EventType "swiss"]
[EventRounds "9"]
[EventCountry "SLO"]
[SourceTitle "CBM 177 Extra"]
[Source "ChessBase"]
[SourceDate "2017.04.27"]
[SourceVersion "1"]
[SourceVersionDate "2017.04.27"]
[SourceQuality "1"]

1. d4 f5 2. Nc3 g6 3. h4 Nf6 4. h5 Bg7 5. h6 Bf8 6. Nf3 d6 7. Bf4 b6 8. e3 Bb7 9. Ng5 Qd7 10. Bc4 d5 11. Bd3 Nc6 12. Bb5 a6 13. Bxc6 Qxc6 14. Be5 Kd7 15. Ne2 Bc8 16. Nf4 Ke8 17. Qd3 Ra7 18. Qb3 Qc4 19. Nxd5 Qxb3 20. axb3 Bxh6 21. Rxh6 Ng4 22. Bxh8 Nxh6 23. Be5 Nf7 24. Nxf7 Kxf7 25. Nxc7 e6 26. Nb5 Ra8 27. Nd6+ Ke7 28. Nxc8+ Rxc8 29. c4 a5 30. Kd2 h5 31. Kc3 g5 32. b4 axb4+ 33. Kxb4 1-0

[Event "SLO-ch U14"]
[Site "Ptuj"]
[Date "2017.03.02"]
[Round "8"]
[White "Hanc, Nejc"]
[Black "Pecnik, Maj"]
[Result "1-0"]
[WhiteElo "1466"]
[BlackElo "1398"]
[PlyCount "147"]
[EventDate "2017.02.25"]
[EventType "swiss"]
[EventRounds "9"]
[EventCountry "SLO"]
[SourceTitle "CBM 177 Extra"]
[Source "ChessBase"]
[SourceDate "2017.04.27"]
[SourceVersion "1"]
[SourceVersionDate "2017.04.27"]
[SourceQuality "1"]

1. c4 e6 2. d4 d5 3. Nc3 Nf6 4. Nf3 Be7 5. e3 0-0 6. Bd3 Nbd7 7. 0-0 b6 8. b3 Bb7 9. Bb2 c5 10. Rc1 Qc7 11. Re1 Bd6 12. Nb5 Qc6 13. Nxd6 Qxd6 14. Ne5 Qe7 15. Nxd7 Qxd7 16. dxc5 bxc5 17. Bxf6 gxf6 18. Qg4+ Kh8 19. Qh4 f5 20. Qf6+ Kg8 21. Rcd1 Qc6 22. f3 Qc7 23. cxd5 Bxd5 24. Bxf5 Rfd8 25. Qg5+ Kf8 26. Bxh7 Ke8 27. e4 Bc6 28. Qxc5 Qb6 29. Qxb6 axb6 30. a4 b5 31. axb5 Bxb5 32. e5 Rab8 33. Bc2 Ba6 34. Rxd8+ Rxd8 35. Rd1 Rc8 36. Bd3 Bb7 37. Bb5+ Kf8 38. Bc4 Ke8 39. Kf2 Kf8 40. g4 Kg7 41. Rd7 Bc6 42. Rd1 Rb8 43. h4 Bb5 44. Bxb5 Rxb5 45. Rd3 Rxe5 46. f4 Re4 47. Kg3 Rb4 48. g5 Kg6 49. Kg4 Re4 50. h5+ Kg7 51. Kf3 Rb4 52. h6+ Kg6 53. Re3 Rb5 54. Kg4 Rb4 55. Kg3 Rb5 56. Rf3 Kh7 57. Kf2 Kg6 58. Ke2 Rd5 59. Rd3 Rb5 60. Kd2 Rb4 61. Rf3 Rd4+ 62. Kc3 Rd8 63. b4 Rc8+ 64. Kd4 Rd8+ 65. Kc5 Rc8+ 66. Kd6 Rd8+ 67. Kc7 Rd1 68. b5 Rc1+ 69. Kb7 Rb1 70. b6 Rc1 71. Kb8 Rc2 72. b7 Rb2 73. Rc3 Rb1 74. Kc8 1-0

[Event "SLO-ch U14"]
[Site "Ptuj"]
[Date "2017.02.25"]
[Round "1"]
[White "Zaloznik S, Gal"]
[Black "Hanc, Nejc"]
[Result "0-1"]
[WhiteElo "1025"]
[BlackElo "1466"]
[PlyCount "134"]
[EventDate "2017.02.25"]
[EventType "swiss"]
[EventRounds "9"]
[EventCountry "SLO"]
[SourceTitle "CBM 177 Extra"]
[Source "ChessBase"]
[SourceDate "2017.04.27"]
[SourceVersion "1"]
[SourceVersionDate "2017.04.27"]
[SourceQuality "1"]

1. e4 c6 2. d4 d5 3. e5 Bf5 4. Bd3 Bxd3 5. Qxd3 e6 6. Nf3 Ne7 7. Nc3 Ng6 8. 0-0 Be7 9. Re1 0-0 10. Bd2 Nd7 11. b3 a6 12. a4 c5 13. Ne2 Rc8 14. c3 a5 15. Qb5 b6 16. Rac1 Qc7 17. g3 Rfd8 18. h4 Qc6 19. Qxc6 Rxc6 20. h5 Ngf8 21. h6 Ng6 22. hxg7 Kxg7 23. Nf4 Ra8 24. Nh5+ Kg8 25. Kg2 Rac8 26. Ra1 cxd4 27. cxd4 Rc2 28. Rec1 Nb8 29. Rxc2 Rxc2 30. Rc1 Rxc1 31. Bxc1 Nc6 32. Nf6+ Bxf6 33. exf6 h5 34. Ba3 Nb8 35. Bd6 Nd7 36. Ne5 Nxf6 37. Bc7 Nxe5 38. dxe5 Nd7 39. g4 Kh7 40. gxh5 Kh6 41. Kf3 Kxh5 42. Kf4 Kg6 43. Kg4 f6 44. exf6 Kxf6 45. Kf3 Kf5 46. Ke3 e5 47. f3 d4+ 48. Ke2 Kf4 49. Kf2 d3 50. Bd8 d2 51. Ke2 d1Q+ 52. Kxd1 Kxf3 53. Ke1 Ke3 54. Bc7 Kd3 55. b4 axb4 56. Kd1 b3 57. Kc1 e4 58. Bf4 Nc5 59. Kb2 e3 60. Bxe3 Kxe3 61. Kb1 Kd3 62. Kb2 Kc4 63. Kc1 Kc3 64. Kb1 b2 65. a5 bxa5 66. Ka2 Kc2 67. Ka3 a4 0-1

[Event "Styrian op U12/18 22nd"]
[Site "Mureck"]
[Date "2015.08.12"]
[Round "8"]
[White "Rosol, Alexander"]
[Black "Hanc, Nejc"]
[Result "1-0"]
[WhiteElo "1465"]
[BlackElo "1274"]
[PlyCount "91"]
[EventDate "2015.08.05"]
[EventType "swiss"]
[EventRounds "9"]
[EventCountry "AUT"]
[SourceTitle "EXT 2017"]
[Source "ChessBase"]
[SourceDate "2016.10.25"]
[SourceVersion "1"]
[SourceVersionDate "2016.10.25"]
[SourceQuality "1"]

1. e4 g6 2. d4 Bg7 3. Be3 b6 4. g3 Bb7 5. Bg2 e6 6. Ne2 Ne7 7. c4 0-0 8. Nbc3 d6 9. Rc1 Nd7 10. 0-0 h6 11. f4 f5 12. e5 Bxg2 13. Kxg2 d5 14. cxd5 Nxd5 15. Nxd5 exd5 16. Qb3 Nb8 17. Rfe1 c6 18. Ng1 Re8 19. Nf3 Kh7 20. Bd2 Qd7 21. Qe3 Re6 22. h3 b5 23. g4 fxg4 24. hxg4 Qf7 25. g5 h5 26. Nh4 Na6 27. f5 gxf5 28. g6+ Rxg6+ 29. Nxg6 Qxg6+ 30. Qg5 Qe6 31. Rh1 Rg8 32. Rxh5+ Bh6 33. Rxh6+ Qxh6 34. Qxg8+ Kxg8 35. Bxh6 Kf7 36. Rxc6 Nb4 37. Rc7+ Kg6 38. Bd2 Nd3 39. Rc6+ Kf7 40. e6+ Ke7 41. Bg5+ Kf8 42. e7+ Kf7 43. Rc8 Nf4+ 44. Kf3 Kg7 45. Kxf4 b4 46. e8Q 1-0

[Event "Styrian op U12/18 22nd"]
[Site "Mureck"]
[Date "2015.08.10"]
[Round "6"]
[White "Pernerstorfer, Max"]
[Black "Hanc, Nejc"]
[Result "1/2-1/2"]
[WhiteElo "1085"]
[BlackElo "1274"]
[PlyCount "139"]
[EventDate "2015.08.05"]
[EventType "swiss"]
[EventRounds "9"]
[EventCountry "AUT"]
[SourceTitle "EXT 2017"]
[Source "ChessBase"]
[SourceDate "2016.10.25"]
[SourceVersion "1"]
[SourceVersionDate "2016.10.25"]
[SourceQuality "1"]

1. e4 e5 2. Nf3 Nc6 3. Bc4 Bc5 4. Nc3 Nf6 5. d3 h6 6. Be3 Bb6 7. Ne2 d6 8. h3 Be6 9. Bb3 Qe7 10. c3 Bxe3 11. fxe3 0-0-0 12. d4 exd4 13. exd4 d5 14. exd5 Nxd5 15. c4 Ne3 16. Qc1 Bd7 17. Kf2 Nf5 18. Re1 Qf6 19. d5 Ne5 20. Qc3 Nxf3 21. Qxf6 gxf6 22. Kxf3 Rhg8 23. g4 Nh4+ 24. Kg3 Ng6 25. Nd4 Ne5 26. Kf4 Nd3+ 27. Kf3 Nxe1+ 28. Rxe1 Rde8 29. Rc1 Re7 30. c5 Rf8 31. d6 Re5 32. a4 Bc6+ 33. Kf2 cxd6 34. cxd6 Kd7 35. Nf5 Bd5 36. Rc7+ Kd8 37. Bxd5 Rxd5 38. Rxb7 Kc8 39. Rxa7 Kb8 40. Rc7 Rxd6 41. Rb7+ Kxb7 42. Nxd6+ Ka6 43. b4 Rb8 44. Nb5 Rh8 45. Kf3 h5 46. Nc7+ Kb7 47. Nd5 hxg4+ 48. Kxg4 f5+ 49. Kxf5 Rxh3 50. Kf6 Rf3+ 51. Ke5 Rf1 52. a5 Ka6 53. Nc7+ Ka7 54. Kd6 f5 55. Kd7 f4 56. Kc8 Rb1 57. b5 f3 58. b6+ Rxb6 59. axb6+ Kxb6 60. Nd5+ Kc5 61. Ne3 Kd4 62. Nf1 Kd3 63. Kd7 Ke2 64. Ng3+ Kf2 65. Ne4+ Ke3 66. Ng3 f2 67. Nf1+ Ke2 68. Ng3+ Kf3 69. Nf1 Kg2 70. Ne3+ 1/2-1/2

[Event "Styrian op U08/12 20th"]
[Site "Mureck"]
[Date "2013.08.02"]
[Round "3"]
[White "Lackner, Lorenz"]
[Black "Hanc, Nejc"]
[Result "0-1"]
[WhiteElo "1139"]
[BlackElo "942"]
[PlyCount "78"]
[EventDate "2013.07.31"]
[EventType "swiss"]
[EventRounds "9"]
[EventCountry "AUT"]
[SourceTitle "EXT 2015"]
[Source "ChessBase"]
[SourceDate "2014.11.20"]
[SourceVersion "1"]
[SourceVersionDate "2014.11.20"]
[SourceQuality "1"]

1. e4 e5 2. Nf3 Nc6 3. c3 Nf6 4. Qc2 Bc5 5. Bb5 d6 6. d4 exd4 7. cxd4 Bb4+ 8. Nc3 Bd7 9. Bg5 h6 10. Bxf6 Qxf6 11. d5 Bxc3+ 12. bxc3 Nb8 13. Rb1 Bxb5 14. Rxb5 b6 15. 0-0 0-0 16. Re1 Re8 17. Qb2 Nd7 18. Qb4 Nc5 19. Qd4 Qxd4 20. Nxd4 Rxe4 21. Rxe4 Nxe4 22. Rb3 Re8 23. h3 Nf6 24. c4 Re1+ 25. Kh2 Rc1 26. Rb4 Ne4 27. f3 Nd2 28. Nb5 a5 29. Ra4 Nxc4 30. Kg3 Ne3 31. Re4 Nxd5 32. Re8+ Kh7 33. Rc8 Nb4 34. a3 Nd5 35. Nxd6 Kg6 36. f4 Rc3+ 37. Kg4 h5+ 38. Kh4 Nxf4 39. g3 Ng2# 0-1